000 00608nam a2200229 a 4500
999 _c4020
_d4020
001 4020
003 BD-JhCC
005 20180404173754.0
008 171121s2012 bg a|||| |||| 00| 0 eng d
020 _a9789842002465
035 _a(BD-JhCC)4020
040 _aBD-JhCC
_dBD-JhCC
041 _aeng
082 _a891.4414
_bDIL 2012
100 _aDil, Anwar
245 _aRabindranath Tagore and Victorica Ocampo : The Creative Touch /
_cAnwar Dil,
260 _aDhaka :
_bAdorn Publications,
_c2012
300 _a332 p. :
_c24 cm.
650 _aRabindranath Tagore
942 _2ddc
_cBK